Państwa obchodzące święto Ramadan - Statystyki

Ogólne statystyki
  • Ten quiz został rozwiązany 27 razy
  • Średni wynik to 19 z 21
Statystyki odpowiedzi
Państwo % Poprawnych
Iran
100%
Maroko
100%
Oman
100%
Pakistan
100%
Turcja
100%
Zjednoczone Emiraty Arabskie
100%
Afganistan
96%
Arabia Saudyjska
96%
Bahrajn
96%
Egipt
96%
Katar
96%
Liban
96%
Tunezja
96%
Jordania
92%
Libia
92%
Syria
92%
Algieria
88%
Indonezja
88%
Kuwejt
84%
Malezja
60%
Bangladesz
56%
Nie znaleziono quizów pasujących do podanych kryteriów
Rozkład punktacji
Procent ludzi z każdym wynikiem
Percentyl według liczby udzielonych odpowiedzi
Twoja historia wyników
Nie rozwiązałeś tego quizu